Differential equations : (Record no. 28979)

000 -LEADER
fixed length control field 00746 a2200205 4500
020 ## - INTERNATIONAL STANDARD BOOK NUMBER
International Standard Book Number 1584886048
020 ## - INTERNATIONAL STANDARD BOOK NUMBER
International Standard Book Number 9781584886044
082 04 - DEWEY DECIMAL CLASSIFICATION NUMBER
Classification number 515.35
090 ## - LOCALLY ASSIGNED LC-TYPE CALL NUMBER (OCLC); LOCAL CALL NUMBER (RLIN)
-- 346
-- 346
100 ## - MAIN ENTRY--PERSONAL NAME
Personal name Favini, Angelo.
245 10 - TITLE STATEMENT
Title Differential equations :
Remainder of title inverse and direct problems /
Statement of responsibility, etc. Angelo Favini, Alfredo Lorenzi.
260 ## - PUBLICATION, DISTRIBUTION, ETC.
Place of publication, distribution, etc. [S.l.] :
Name of publisher, distributor, etc. Chapman and Hall/CRC,
Date of publication, distribution, etc. 2006.
300 ## - PHYSICAL DESCRIPTION
Extent 304 p. ;
Dimensions 26 cm.
490 1# - SERIES STATEMENT
Series statement Lecture notes in pure and applied mathematics.
700 1# - ADDED ENTRY--PERSONAL NAME
Personal name Favini, Angelo.
700 1# - ADDED ENTRY--PERSONAL NAME
Personal name Lorenzi, Alfredo.
830 #0 - SERIES ADDED ENTRY--UNIFORM TITLE
Uniform title Lecture notes in pure and applied mathematics.
942 ## - ADDED ENTRY ELEMENTS (KOHA)
Institution code [OBSOLETE] SNS
Koha item type Book
Call number prefix 515.35 FAV
Holdings
Withdrawn status Lost status Source of classification or shelving scheme Damaged status Not for loan Permanent Location Current Location Shelving location Date acquired Full call number Barcode Date last seen Price effective from Koha item type
        Not For Loan School of Natural Sciences (SNS) School of Natural Sciences (SNS) Reference 05/26/2016 515.35 FAV SNS0000265 05/26/2016 05/26/2016 Book
© 2023 Central Library, National University of Sciences and Technology. All Rights Reserved.